|
|
|
|
| LEADER |
00000cam a2200000 7i4500 |
| 001 |
0000014266 |
| 005 |
20241024.0 |
| 008 |
040408 enka eng |
| 020 |
|
|
|a 0566074494
|
| 040 |
|
|
|a INS
|b eng
|e rda
|
| 090 |
0 |
0 |
|a HD30.3
|b .R82 1995
|
| 100 |
1 |
|
|a Robson, Mike ,
|e author
|
| 245 |
1 |
0 |
|a Facilitating
|c Mike Robson with Ciaran Beary
|
| 264 |
|
1 |
|a Aldershot, England :
|b Gower
|c 1995
|
| 264 |
|
4 |
|c ©1995
|
| 300 |
|
|
|a viii, 211 pages :
|b illustrations ;
|c 24 cm.
|
| 336 |
|
|
|a text
|2 rdacontent
|
| 337 |
|
|
|a unmediated
|2 rdamedia
|
| 338 |
|
|
|a volume
|2 rdacarrier
|
| 504 |
|
|
|a Includes bibliographical references and index
|
| 650 |
|
0 |
|a Communication in management
|
| 650 |
|
0 |
|a Conflict management
|
| 650 |
|
0 |
|a Teams in the workplace
|
| 700 |
1 |
|
|a Beary, Ciaran ,
|e author
|
| 999 |
|
|
|a 0000006620
|b BOOK
|c Open Shelf
|e Default branch
|